Statistics for Groups of Countries (by Cedo) #20

Click here to take the quiz!

General Stats

  • This quiz has been taken 171 times
  • The average score is 16 of 24

Answer Stats

HintAnswer% Correct
Dutch as official language (all*)Netherlands
98%
Maya Civilization (modern countries)Mexico
90%
Maya Civilization (modern countries)Guatemala
89%
Maya Civilization (modern countries)Honduras
88%
Maya Civilization (modern countries)Belize
87%
Maya Civilization (modern countries)El Salvador
86%
Great Lakes US StatesMichigan
85%
Dutch as official language (all*)Belgium
83%
Great Lakes US StatesIllinois
78%
Great Lakes US StatesNew York
76%
Great Lakes US StatesOhio
75%
Great Lakes US StatesWisconsin
73%
Great Lakes US StatesMinnesota
72%
Great Lakes US StatesPennsylvania
72%
Great Lakes US StatesIndiana
69%
Dutch as official language (all*)Suriname
64%
Kuril Islands disputeRussia
58%
Kuril Islands disputeJapan
55%
BALTRONEstonia
46%
BALTRONLatvia
46%
BALTRONLithuania
46%
Dutch as official language (all*)Aruba
42%
Dutch as official language (all*)Curaçao
38%
Dutch as official language (all*)Sint Maarten
22%

Score Distribution

Percentile by Number Answered

Percent of People with Each Score

Your Score History

You have not taken this quiz